El diario de una camarera

La joven Célestine llega al hogar de los Monteil en Normandía y se emplea como recamarera. Como su matrimonio tiene problemas, el señor Monteil propone a Célestine que sea su amante pero ella lo rechaza. La joven se enamora del guardabosques Joseph antes de darse cuenta que él esconde un terrible se...

Full description

Bibliographic Details
Other Authors: Buñuel, Luis 1900-1983 (Conductor)
Format: DVD
Language:Italian
Published: México: Studio Canal, 1964.
Subjects:

MARC

LEADER 00000cgm a2200000 a 4500
001 030695
003 UAHC_CL
005 20190905172638.0
008 111118b1980 it 000 ita
952 |0 0  |1 0  |4 0  |6 DVD_422  |7 0  |8 COMP  |9 60052  |a BC  |b BC  |c Referencia  |d 2017-08-03  |l 0  |o DVD-422  |p 1390795  |r 2022-01-14 00:00:00  |t c.1  |w 2017-08-03  |y DVD 
999 |c 30695  |d 30695 
040 |a UAHC_CL  |c UAHC_CL  |d UAHC_CL 
245 1 3 |a El diario de una camarera   |c Luis Buñuel. 
260 |a México:  |b Studio Canal,  |c 1964. 
300 |a 1 videodiscos (94 min.) 
520 |a La joven Célestine llega al hogar de los Monteil en Normandía y se emplea como recamarera. Como su matrimonio tiene problemas, el señor Monteil propone a Célestine que sea su amante pero ella lo rechaza. La joven se enamora del guardabosques Joseph antes de darse cuenta que él esconde un terrible secreto. 
650 0 |a Drama  |9 5 
650 0 |a Películas cinematográficas  |9 7777  |z Francia 
700 |a Buñuel, Luis  |e dir.  |9 8068  |d 1900-1983 
900 |a DVD-422 
942 |c DVD